03249cam a22003375a 4500999001700000001000900017005001700026008004100043010001700084020001500101020001800116035002400134040008000158082002100238100002200259245006000281250001200341260003600353300003400389500003900423500006700462500002000529505101500549520107801564630004102642650004602683651001002729653002002739942000802759952014402767 c27444d274151945512320190509115635.0170118t2014 caua fr 001 0 eng d a 2016498294 a1484200209 a9781484200209 a(OCoLC)ocn890435889 aYDXCPbengcYDXCPdOCLCQdNUIdOCLCOdOCLCQdZ35dOCLCFdJOYdDLCdEG-ScBUE04a005.437bJAC2221 aJackson, Wallace.10aAndroid apps for absolute beginners /cWallace Jackson. a3rd ed. aBerkeley, CA :b Apress,c2014. axxx, 677 p. :bill. ;c24 cm. a"Includes Android L (5.0)"--Cover. a"Get started with building your very own Android apps"--Cover. aIncludes index.0 aSetting up your Android app development -- Configuring your Android app development -- An introduction to the Android application development platform -- Introduction to XML: defining an Android app, its design, and constants -- Introduction to Java: objects, methods, classes, and interfaces -- Android screen design: writing to the display using activity and view -- Making apps interactive: intents, event handling, and menus -- Android UI design: Using advanced ViewGroup layout containers -- Android graphic design: making your UI designs visual -- Android animation: making your UI designs move -- Digital video: streaming video, MediaPlayer, and MediaController classes -- Digital audio: providing aural feedback for UI designs using SoundPool -- Android service class and threads: background processing -- Android content providers: providing data to applications -- Developing for Android wearable devices -- The future of android: the 64-bit Android 5.0 OS -- Audio concepts, terminology, and Codecs. aAnybody can start building multimedia apps for the Android platform, and this book will show you how! Now updated to include both Android 4.4 and the new Android L, [this book] takes you through the process of getting your first Android apps up and running using plain English and practical examples. If you have a great idea for an Android app, but have never programmed before, then this book is for you. This book cuts through the fog of jargon and mystery that surrounds Android apps development, and gives you simple, step-by-step instructions to get you started ; teaches Android application development in language anyone can understand, giving you the best possible start in Android development ; provides simple, step-by-step examples that make learning easy, allowing you to pick up the concepts without fuss ; offers clear code descriptions and layout so that you can get your apps running as soon as possible. This book covers both Android 4.4 (KitKat) and Android L, but is also backwards compatible to cover the previous Android releases since Android 1.5.07aAndroid (Electronic resource)2BUEsh 7aApplication softwarexDevelopment.2BUEsh 2BUEsh bCOMSCIcMay2019 2ddc 00102ddc40708BaccahaMAINbMAINcLOWd2019-05-09ePurchaseg407.50h2000088l0o005.437 JACp000044649r2025-07-15 00:00:00v509.38yBB